Plus grandes villes des agglomérations françaises - Statistiques

Statistiques générales
  • Ce quiz a été pris 118 fois
  • Le résultat moyen est 50 sur 110
Statistiques - réponses
Population Ville % Correct
2 133 111 Paris
99%
522 250 Lyon
95%
236 710 Lille
93%
873 076 Marseille
92%
261 804 Bordeaux
91%
147 478 Aix-en-Provence
90%
156 928 Villeurbanne
90%
504 078 Toulouse
89%
172 718 Saint-Étienne
88%
157 477 Grenoble
87%
323 204 Nantes
87%
225 081 Rennes
87%
28 508 Saint-Étienne-du-Rouvray
87%
180 452 Toulon
87%
147 327 Clermont-Ferrand
86%
113 942 Saint-Denis
86%
302 454 Montpellier
85%
348 085 Nice
85%
98 892 Roubaix
85%
137 658 Tours
85%
159 346 Dijon
84%
116 617 Orléans
84%
139 619 Brest
82%
120 874 Metz
82%
291 313 Strasbourg
82%
104 260 Nancy
81%
114 083 Rouen
80%
99 011 Tourcoing
77%
119 808 Boulogne-Billancourt
76%
75 729 Mérignac
75%
66 363 Vénissieux
74%
111 455 Montreuil
70%
62 067 Villeneuve d'Ascq
70%
66 760 Pessac
67%
26 466 Blagnac
63%
62 763 La Seyne-sur-Mer
62%
48 568 Martigues
62%
107 221 Argenteuil
59%
55 103 Hyères
59%
49 537 Saint-Herblain
56%
52 139 Vaulx-en-Velin
55%
47 342 Aubagne
54%
45 225 Talence
54%
38 183 Joué-lès-Tours
52%
36 849 Échirolles
49%
42 998 Rezé
48%
48 822 Saint-Priest
46%
25 975 Le Grand-Quevilly
43%
40 159 Colomiers
42%
21 782 Le Petit-Quevilly
42%
52 580 Cagnes-sur-Mer
40%
35 068 Saint-Chamond
40%
38 454 Saint-Martin-d'Hères
38%
15 909 Saint-Pierre-des-Corps
36%
29 439 Tournefeuille
36%
34 129 Schiltigheim
35%
29 537 Vandœuvre-lès-Nancy
35%
17 137 Firminy
34%
27 872 Orvault
34%
44 731 Salon-de-Provence
34%
27 118 Illkirch-Graffenstaden
33%
28 965 Sotteville-lès-Rouen
33%
17 716 Cesson-Sévigné
32%
20 193 Cournon-d'Auvergne
32%
22 855 Olivet
31%
28 283 Saint-Sébastien-sur-Loire
31%
36 203 Six-Fours-les-Plages
31%
17 544 Lattes
30%
21 854 Montigny-lès-Metz
29%
21 700 Saint-Jean-de-Braye
29%
24 888 Castelnau-le-Lez
27%
22 891 Fontaine
27%
30 941 Saint-Laurent-du-Var
27%
40 500 Villenave-d'Ornon
27%
12 570 Saint-Jean-de-Védas
26%
14 445 Chenôve
25%
17 454 Chamalières
24%
40 836 Wattrelos
24%
21 438 Fleury-les-Aubrais
23%
15 460 Guipavas
23%
19 651 Bruz
21%
17 004 Saint-Cyr-sur-Loire
21%
14 302 Woippy
21%
16 879 Saran
19%
12 459 Pont-du-Château
18%
15 214 Rive-de-Gier
18%
25 912 La Garde
15%
14 671 Laxou
15%
20 266 Lingolsheim
15%
13 656 Saint-Jacques-de-la-Lande
15%
18 573 Meylan
14%
13 445 Plougastel-Daoulas
14%
8 869 Quetigny
14%
11 894 Talant
14%
20 341 Cugnaux
13%
12 066 Le Chambon-Feugerolles
13%
13 473 Plouzané
13%
10 073 Saint-Max
13%
12 695 Betton
12%
12 783 Juvignac
12%
11 791 Le Relecq-Kerhuon
12%
10 944 Chevigny-Saint-Sauveur
11%
19 415 Vence
11%
10 650 Beaumont
10%
14 761 Villers-lès-Nancy
10%
15 000 Saint-Avertin
9%
17 939 Bischheim
8%
13 277 Carros
8%
9 971 Marly
3%
5 088 Moulins-lès-Metz
1%
Aucun quiz correspondant
Distribution des résultats
% des personnes avec chaque résultat
Percentile par nombre de réponses
Votre historique - résultats
Vous n’avez pas pris ce quiz